00732cam a22001814a 4500020002200000020001500022020002300037040000800060082002600068100001900094245007300113250001100186260003400197300008100231500013900312500008800451650001100539 a0072303557 (pbk.) a007248540X a0072482850 (cdrom) cDLC00a745 MCG 2002 A086 Or.1 aStewart, Mary,10aLaunching the imagination :ba comprehensive guide to basic design / a1st ed aBoston :bMcGraw-Hill,cc2002 a1 v. (various pagings) :bill. (some col.) ;c28 cm. +e1 CD-ROM (4 3/4 in.) aAlso issued in parts titled: Launching the imagination. Two-dimensional design and Launching the imagination. Three-dimensional design aCD-ROM entitled: Lauching the imagination, volumes I, II, & combined / Mary Stewart 0aDesign